ბათუმის შოთა რუსთაველის სახელმწიფო უნივერსიტეტის ბიბლიოთეკა

GARB ახალი მედია - ძველი მედიისთვის : (ბიბ.ჩანაწერი № 51009)

000 -ლიდერი
ფიქსირებული სიგრძის საკონტროლო ველი 00942nam a2200217Ia 4500
001 - საკონტროლო ნომერი
საკონტროლო ველი 17966
003 - საკონტროლო ნომრის იდენტიფიკატორი
საკონტროლო ველი GE_BSU
005 - ბოლო ოპერაციის თარიღი და დრო
საკონტროლო ველი 20250220163435.0
008 - ფიქსირებული სიგრძის მონაცემთა ელემენტები - ზოგადი ინფორმაცია
ფიქსირებული სიგრძის საკონტროლო ველი 181216s2011||||ge |||||||||||||| ||geo||
040 ## - კატალოგიზაციის წყარო
Transcribing agency GE_BSU
041 ## - ენის კოდი
Language code of text/sound track or separate title geo
080 ## - უნივერსალური ათობითი კლასიფიკაციის ინდექსი
Universal Decimal Classification number 070(036) კ-91
100 ## - მთავარი ჩანაწერი - პიროვნების სახელი
Personal name კუპრაშვილი, ნათია
9 (RLIN) 19876
245 ## - ცნობა სათაურის შესახებ
Title GARB ახალი მედია - ძველი მედიისთვის :
Remainder of title გზამკვლევი /
Statement of responsibility, etc ნათია კუპრეიშვილი ; რედ. : ნინო ჭანტურია.
264 ## - წარმოების, გამოცემის, დისტრიბუციის და სხვა ცნობები
გამოცემის, წარმოების, დისტრიბუციის... ადგილი თბილისი :
გამოცემის, წარმოების, დისტრიბუციის... სახელწოდება კოლორი,
გამოცემის, წარმოების, დისტრიბუციის... თარიღი 2011.
300 ## - ფიზიკური აღწერა
Extent 70 გვ. ;
Dimensions 20 სმ.
Accompanying material +1CD
653 ## - INDEX TERM--UNCONTROLLED
Uncontrolled term GARB ახალი მედია - ძველი მედიისთვის
653 ## - INDEX TERM--UNCONTROLLED
Uncontrolled term გზამკვლევი
700 ## - ADDED ENTRY--PERSONAL NAME
Personal name ჭანტურია, ნინო
Relator term რედაქტორი
9 (RLIN) 24407
942 ## - ADDED ENTRY ELEMENTS (KOHA)
Koha item type წიგნი
Source of classification or shelving scheme
ეგზემპლარები
ჩამოწერის სტატუსი დაკარგული ეგზემპლარის სტატუსი კლასიფიკაციის წყარო ან თაროზე გაწყობის სქემა დაზიანების სტატუსი არ გაიცემა მუდმივი მდებარეობა (დაცვის ადგილი) ამჟამინდელი ადგილსამყოფელი თაროზე განთავსების ადგილი შეძენის თარიღი სრული შენახვის შიფრი შტრიხკოდი ბოლო ოპერაციის თარიღი ეგზემპლარის მიმდევრობითი ნომერი (კეტერი?) ფასის ძალაში შესვლის თარიღი ეგზემპლარის სახეობა
          ბათუმის შოთა რუსთაველის სახელმწიფო უნივერსიტეტის მთავარი ბიბლიოთეკა ბათუმის შოთა რუსთაველის სახელმწიფო უნივერსიტეტის მთავარი ბიბლიოთეკა წიგნსაცავი 2018-12-17 070(036) კ-91 27758 2018-12-17 27758 2018-12-17 წიგნი